In search of clarity - affordable housing in Scotland (Record no. 72681)

MARC details
000 -LEADER
fixed length control field 01163cam a2200229 4500
001 - CONTROL NUMBER
control field ABS66708
008 - FIXED-LENGTH DATA ELEMENTS--GENERAL INFORMATION
fixed length control field 030516n2003 000 0 eng u
035 ## - SYSTEM CONTROL NUMBER
System control number (Sirsi) u122299
100 ## - MAIN ENTRY--PERSONAL NAME
Personal name Francke, M.
245 ## - TITLE STATEMENT
Title In search of clarity - affordable housing in Scotland
260 ## - PUBLICATION, DISTRIBUTION, ETC.
Date of publication, distribution, etc. 2003
490 ## - SERIES STATEMENT
Series statement Scottish Planning and Environmental Law
Volume/sequential designation (96) April 2003, 29-31(3)
520 ## - SUMMARY, ETC.
Summary, etc. Looks at the provision of affordable housing in Scotland following the publication of SPP3 "Planning for housing" in February 2003. Provides a definition of affordable housing in the Scottish context and analyses whom the housing is for, how it is currently provided and problems in delivery including reducing levels of public subsidy. Outlines the results of Drivers Jonas' survey of 32 councils' local plan policies to see if affordable housing policies are included, the delivery of affordable housing being reliant on the development plan system.
590 ## - LOCAL NOTE (RLIN)
Local note ABS
650 ## - SUBJECT ADDED ENTRY--TOPICAL TERM
Topical term or geographic name entry element SPP3
650 ## - SUBJECT ADDED ENTRY--TOPICAL TERM
Topical term or geographic name entry element Affordable housing
9 (RLIN) 6215
650 ## - SUBJECT ADDED ENTRY--TOPICAL TERM
Topical term or geographic name entry element SCOTLAND
650 ## - SUBJECT ADDED ENTRY--TOPICAL TERM
Topical term or geographic name entry element DEVELOPMENT PLAN SYSTEM
650 ## - SUBJECT ADDED ENTRY--TOPICAL TERM
Topical term or geographic name entry element LOCAL PLANNING
690 ## - LOCAL SUBJECT ADDED ENTRY--TOPICAL TERM (OCLC, RLIN)
Topical term or geographic name as entry element HOUSING-DEVELOPMENT
942 ## - ADDED ENTRY ELEMENTS (KOHA)
Suppress in OPAC 0
Holdings
Withdrawn status Lost status Source of classification or shelving scheme Damaged status Not for loan Home library Current library Shelving location Date acquired Total Checkouts Full call number Barcode Date last seen Copy number Price effective from Koha item type
    Dewey Decimal Classification     London London Journal article 16/05/2003   ABS66708 122299-1001 06/08/2019 1 06/08/2019 Journal article